[Event "4th WGP Kazan 2012"]
[Site "Kazan RUS"]
[Date "2012.06.21"]
[Round "10"]
[White "Koneru, Humpy"]
[Black "Kosteniuk, Alexandra"]
[Result "1/2-1/2"]
[WhiteTitle "GM"]
[BlackTitle "GM"]
[WhiteElo "2589"]
[BlackElo "2457"]
[WhiteFideId "5008123"]
[BlackFideId "4128125"]
[EventDate "2012.06.09"]

1. Nf3 Nf6 2. c4 e6 3. Nc3 b6 4. g3 Bb7 5. Bg2 c5 6. O-O Be7 7. d4 cxd4 8. Qxd4
Nc6 9. Qf4 Qb8 10. Rd1 d6 11. b3 O-O 12. Bb2 Rd8 13. e4 a6 14. h3 Ra7 15. Qe3
Ba8 16. Qe2 Rad7 17. Nd4 Nxd4 18. Rxd4 Bc6 19. Rad1 b5 20. cxb5 axb5 21. b4 Ne8
22. R4d2 Rc8 23. Bf1 Rb7 24. Qe3 Nf6 25. Bd3 Nd7 26. Ne2 Nb6 27. Rc2 Nc4 28. Qc1
Rbc7 29. Qa1 Nxb2 30. Qxb2 Qb7 31. Qd4 f5 32. Rdc1 fxe4 33. Bxe4 Bxe4 34. Rxc7
Rxc7 35. Rxc7 Qxc7 36. Qxe4 Qc4 37. Nd4 Kf7 38. Qf3+ Bf6 39. Qb7+ Kg6 40. Qe4+
Kf7 41. Qb7+ Kg6 42. Qe4+ Kf7 43. Qb7+ 1/2-1/2

[Event "4th WGP Kazan 2012"]
[Site "Kazan RUS"]
[Date "2012.06.21"]
[Round "10"]
[White "Kosintseva, Tatiana"]
[Black "Stefanova, Antoaneta"]
[Result "1/2-1/2"]
[WhiteTitle "GM"]
[BlackTitle "GM"]
[WhiteElo "2532"]
[BlackElo "2518"]
[WhiteFideId "4133471"]
[BlackFideId "2902257"]
[EventDate "2012.06.09"]

1. e4 e5 2. Nf3 Nc6 3. d4 exd4 4. Nxd4 Bb4+ 5. c3 Be7 6. Nxc6 bxc6 7. Bd3 d6 8.
O-O Nf6 9. Nd2 O-O 10. f4 d5 11. e5 Bc5+ 12. Kh1 Ng4 13. Qe1 f6 14. Nb3 Bb6 15.
h3 c5 16. c4 fxe5 17. hxg4 e4 18. Be2 d4 19. f5 Qe7 20. Bf4 Bb7 21. Qg3 Rae8 22.
Rae1 a5 23. Nd2 Qd7 24. Bd1 a4 25. Qa3 Bc6 26. Bc2 d3 27. Bd1 Ba5 28. Qxc5 Bb6
29. Qb4 Bd4 30. c5 Qd8 31. g5 Rxf5 32. Bg4 Rxc5 33. Bxc7 Qxc7 34. Qxd4 Rxg5 35.
Nxe4 Rge5 36. Bf3 Qe7 37. Qc4+ Qe6 38. Qxd3 Bxe4 39. Rxe4 Rxe4 40. Bxe4 Qxe4 41.
Qxe4 Rxe4 42. Rf2 h5 43. Kh2 Kh7 44. Kg3 g5 45. Rf6 Rb4 46. Ra6 h4+ 47. Kh3 Rxb2
48. Rxa4 Kg6 49. g3 hxg3 1/2-1/2

[Event "4th WGP Kazan 2012"]
[Site "Kazan RUS"]
[Date "2012.06.21"]
[Round "10"]
[White "Cmilyte, Viktorija"]
[Black "Kosintseva, Nadezhda"]
[Result "1-0"]
[WhiteTitle "GM"]
[BlackTitle "GM"]
[WhiteElo "2508"]
[BlackElo "2528"]
[WhiteFideId "12801259"]
[BlackFideId "4134974"]
[EventDate "2012.06.09"]

1. d4 f5 2. g3 Nf6 3. Bg2 g6 4. Nf3 Bg7 5. b3 O-O 6. Bb2 c6 7. c4 d6 8. O-O Na6
9. Nbd2 Ne4 10. e3 Bd7 11. Ne1 Nxd2 12. Qxd2 e5 13. dxe5 dxe5 14. Nd3 e4 15.
Bxg7 Kxg7 16. Nf4 Rf7 17. Rad1 Qf6 18. b4 Re8 19. a3 Bc8 20. Qc2 Nc7 21. c5 Rd8
22. Rxd8 Qxd8 23. Rd1 Rd7 24. Rxd7+ Bxd7 25. Qd2 g5 26. Qd4+ Kf7 27. Nh5 Ne6 28.
Qe5 Kg6 29. g4 fxg4 30. Ng3 Nf8 31. Bxe4+ Kf7 32. Nh5 Qe7 33. Qg7+ Ke8 34. Nf6+
Kd8 35. Qxg5 h5 36. Qf4 Ne6 37. Qe5 Nxc5 38. Qb8+ Bc8 39. Bf5 Ne6 40. Nxh5 Qd7
41. Bxg4 Qd3 42. Nf4 Qb1+ 43. Kg2 Nxf4+ 44. exf4 Qe4+ 45. Kg3 1-0

[Event "4th WGP Kazan 2012"]
[Site "Kazan RUS"]
[Date "2012.06.22"]
[Round "11"]
[White "Kosintseva, Nadezhda"]
[Black "Muzychuk, Anna"]
[Result "0-1"]
[WhiteTitle "GM"]
[BlackTitle "GM"]
[WhiteElo "2528"]
[BlackElo "2598"]
[WhiteFideId "4134974"]
[BlackFideId "14111330"]
[EventDate "2012.06.09"]

1. e4 c5 2. Nf3 Nc6 3. c3 e6 4. d4 d5 5. exd5 exd5 6. Bb5 Bd6 7. O-O Ne7 8. dxc5
Bxc5 9. Nbd2 O-O 10. Nb3 Bd6 11. Bd3 h6 12. Be3 Nf5 13. Bc5 Re8 14. Bxf5 Bxf5
15. Bxd6 Qxd6 16. Nfd4 Bg6 17. Qd2 Ne5 18. Qf4 Qb6 19. Rae1 Nc4 20. Qc1 Rac8 21.
f3 a5 22. a4 Bf5 23. Rxe8+ Rxe8 24. Re1 Rxe1+ 25. Qxe1 Bd7 26. Qa1 Qg6 27. Kf2
Qg5 28. Nc5 Qd2+ 29. Kg3 Bc8 30. Qf1 b6 31. Nd3 Qg5+ 32. Kf2 Qe3+ 33. Kg3 Nd2 0-1

[Event "4th WGP Kazan 2012"]
[Site "Kazan RUS"]
[Date "2012.06.22"]
[Round "11"]
[White "Stefanova, Antoaneta"]
[Black "Cmilyte, Viktorija"]
[Result "1/2-1/2"]
[WhiteTitle "GM"]
[BlackTitle "GM"]
[WhiteElo "2518"]
[BlackElo "2508"]
[WhiteFideId "2902257"]
[BlackFideId "12801259"]
[EventDate "2012.06.09"]

1. c4 c5 2. g3 Nc6 3. Bg2 g6 4. Nc3 Bg7 5. Nf3 e6 6. d4 cxd4 7. Nb5 d5 8. cxd5
exd5 9. O-O Nge7 10. Bf4 O-O 11. Nc7 Rb8 12. Nb5 Ra8 13. Nc7 Rb8 14. Nb5 Ra8 15.
Nc7 Rb8 1/2-1/2

[Event "4th WGP Kazan 2012"]
[Site "Kazan RUS"]
[Date "2012.06.22"]
[Round "11"]
[White "Lahno, Kateryna"]
[Black "Kosintseva, Tatiana"]
[Result "0-1"]
[WhiteTitle "GM"]
[BlackTitle "GM"]
[WhiteElo "2546"]
[BlackElo "2532"]
[WhiteFideId "14109336"]
[BlackFideId "4133471"]
[EventDate "2012.06.09"]

1. d4 Nf6 2. c4 e6 3. Nc3 Bb4 4. e3 O-O 5. Bd3 c5 6. Nf3 d5 7. O-O Nc6 8. cxd5
exd5 9. dxc5 Bxc5 10. h3 a6 11. b3 Be6 12. Bb2 Ba7 13. Ne2 Rc8 14. Ng5 g6 15.
Nf4 Qe7 16. h4 Bb8 17. h5 Bd7 18. hxg6 hxg6 19. Nxd5 Nxd5 20. Qh5 f6 21. Bxg6
Ne5 22. Ba3 Bg4 23. Qh1 Qd7 24. Be4 Nc3 25. Qh6 fxg5 26. Bxf8 Rxf8 27. f3 Qg7
28. Qxg7+ Kxg7 29. Bxb7 Nd3 30. Rfd1 Ne2+ 31. Kf1 Ng3+ 32. Kg1 Ne2+ 33. Kf1 Ng3+
34. Kg1 Rh8 35. Rxd3 Rh1+ 36. Kf2 Rxa1 37. e4 Rxa2+ 38. Ke1 Be6 0-1

[Event "4th WGP Kazan 2012"]
[Site "Kazan RUS"]
[Date "2012.06.22"]
[Round "11"]
[White "Galliamova, Alisa"]
[Black "Koneru, Humpy"]
[Result "0-1"]
[WhiteTitle "IM"]
[BlackTitle "GM"]
[WhiteElo "2484"]
[BlackElo "2589"]
[WhiteFideId "4129725"]
[BlackFideId "5008123"]
[EventDate "2012.06.09"]

1. d4 e6 2. c4 c5 3. d5 exd5 4. cxd5 d6 5. Nc3 a6 6. a4 Ne7 7. e4 Ng6 8. f4 Be7
9. Nf3 Bf6 10. Bd3 O-O 11. O-O Re8 12. Nd2 Nd7 13. Nc4 Bd4+ 14. Be3 Nf6 15. Qf3
Bxc3 16. bxc3 Nh4 17. Qd1 Nxe4 18. Qc2 Nf6 19. f5 Nxd5 20. Bd2 Bd7 21. a5 Bc6
22. Rf2 h6 23. g3 Nf6 24. gxh4 Ng4 25. Bf4 Qxh4 26. Bg3 Qg5 27. Rf4 h5 28. h3
Ne5 29. Kf2 h4 30. Rxh4 Nxc4 31. Bxc4 Qe3+ 32. Kf1 Qxg3 33. Qf2 Qxc3 34. Rd1 Re3 0-1

[Event "4th WGP Kazan 2012"]
[Site "Kazan RUS"]
[Date "2012.06.22"]
[Round "11"]
[White "Hou, Yifan"]
[Black "Danielian, Elina"]
[Result "1-0"]
[WhiteTitle "GM"]
[BlackTitle "GM"]
[WhiteElo "2623"]
[BlackElo "2484"]
[WhiteFideId "8602980"]
[BlackFideId "13300210"]
[EventDate "2012.06.09"]

1. e4 c6 2. d4 d5 3. Nd2 dxe4 4. Nxe4 Bf5 5. Ng3 Bg6 6. h4 h6 7. Nf3 Nd7 8. h5
Bh7 9. Bd3 Bxd3 10. Qxd3 e6 11. Bd2 Ngf6 12. O-O-O Qc7 13. Ne4 O-O-O 14. g3 Nc5
15. Nxc5 Bxc5 16. c4 Qe7 17. a3 Bb6 18. Bc3 Ng4 19. Qe2 Rhe8 20. Kb1 Bc7 21. Ka2
f5 22. Nh4 Nf6 23. Ng6 Qf7 24. b3 Ne4 25. Bb2 Rd7 26. Rhe1 Red8 27. g4 Ng5 28.
f4 Ne4 29. gxf5 exf5 30. Ne5 Bxe5 31. fxe5 Qe6 32. Qe3 Kb8 33. Rf1 b5 34. Rc1
Rb7 35. d5 cxd5 36. cxd5 Qxd5 37. Rxf5 Ng5 38. Rc5 Qd7 39. e6 Qxe6 40. Rfe5 Qf7
41. Rxb5 Rxb5 42. Rxb5+ Ka8 43. a4 Qd7 44. Re5 Qh3 45. Qc5 Qc8 46. Qa5 Rd7 47.
Rc5 Qb7 48. Qc3 Rd8 49. Rc7 Ne4 50. Qc2 Qd5 51. Rc8+ 1-0